Vista normal
Vista MARC
Entrada Topical Term
Número de registros utilizados en: 1
001 - CONTROL NUMBER
- control field: 38910
003 - CONTROL NUMBER IDENTIFIER
- control field: OSt
005 - DATE AND TIME OF LATEST TRANSACTION
- control field: 20210730115655.0
008 - FIXED-LENGTH DATA ELEMENTS
- fixed length control field: 210730|| aca||aabn | a|a d
040 ## - CATALOGING SOURCE
- Original cataloging agency: OSt
- Transcribing agency: OSt
150 ## - HEADING--TOPICAL TERM
- Topical term or geographic name entry element: Cajas de ahorro
670 ## - SOURCE DATA FOUND
- Source citation: Work cat.: (OSt)12054: Tejero García, José María., autor 38909, Las características operativas de las instituciones bancarias y de ahorro : , 1978.